| 000 | 03035nam0a2200337 4500 | ||
|---|---|---|---|
| 001 | v19\rc\1515055 | ||
| 005 | 20250618170139.0 | ||
| 035 | _a(NLR Aleph) 004638863 | ||
| 090 |
_a3266992 _c3266992 |
||
| 100 | _a20060620d1885 |||y0rusy50 ca | ||
| 101 | 0 | _arus | |
| 102 | _aRU | ||
| 105 | _aa g 001zy | ||
| 200 | 1 |
_aРусский народный лечебный травник и цветник _eс рисунками всех трав и цветов, отпечатанных красками в их натуральном виде _eподробное описание всех, без исключения, трав и цветов, употреблявшихся когда-либо и употребляющихся теперь для полного излечения различных болезней и недугов... _eстолб исцеления всех болезней и недугов исстари испытанными народными способами и средствами из растительного царства природы, с приложением словаря местных названий (по губерниям) трав и цветов, и особого отдела о ядовитых и неядовитых грибах _eс 200 раскрашенных и художественно выполненных с натуры рисунков всех этих трав и цветков и с рисунками в тексте _eв 2-х частях _eсоставлено на основании старинных рукописных травников и цветников, новейших научных трудов лучших ботаников и личных изысканий и наблюдений при двадцатилетней практике _fсоставлено аптекарями В. Горецким и Вильком, под редакцией доктора Вл. Второва |
|
| 210 |
_aМосква _cиздание книгопродавца С. И. Леухина _d1885 |
||
| 215 |
_a[720] с. разд. паг. _cил. _d27 |
||
| 316 |
_aЭкз. РНБ: деф.: с. 127-130 с чернил. пятнами синего цв. без потери текста; 200 цв. рисунков, упомянутых в подзаг. переплетены отдельно, на корешке: Травник и цветник: атлас (см. шифр 18.199.3.5(2)) _5NLR |
||
| 320 | _aУказ.: Назв. растений, располож. в азбуч. порядке: с. III-XV 1-й паг. | ||
| 700 | 1 |
_aГорецкий _bВ. |
|
| 701 | 1 | _aВильк | |
| 702 | 1 |
_aВторов _bВл. _4340 |
|
| 801 | 0 |
_aRU _bNLR _gpsbo |
|
| 801 | 0 |
_aRU _bRuMoRGB _2psbo |
|
| 801 | 1 |
_aRU _bProSoft-M _2rusmarc |
|
| 852 |
_aNLR _j18.199.3.5(1) |
||
| 899 |
_aRuMoRGB _jT 5/227 |
||
| 899 |
_aRuMoRGB _jT 99/81 |
||
| 942 | _cBOOK | ||
| 980 | _aNB | ||